| 000 | 00837nam a22002417a 4500 | ||
|---|---|---|---|
| 005 | 20240305165401.0 | ||
| 007 | cr|||| |||| | ||
| 008 | 130118e2012 sp |||||s|||| 00||0 spa d | ||
| 020 | _a978-84-15000-67-9 | ||
| 035 | _a6894 | ||
| 040 | _avLex | ||
| 090 |
_c3552 _d3552 |
||
| 100 | 1 | 0 | _aToscani Giménez, Daniel |
| 245 | 1 | 3 |
_aLa movilidad geográfica y funcional y la reducción de jornada tras la reforma laboral de 2012 _bProcedimientos específicos _h[Recurso electrónico] |
| 256 | _aServicio en línea | ||
| 260 |
_aAlbacete : _bBomarzo, _c2012 |
||
| 300 | _a1 Recurso electrónico | ||
| 650 | 0 | 4 |
_aDerecho laboral y Seguridad Social _zEspaña |
| 650 | 0 | 4 |
_aMovilidad laboral _zEspaña |
| 740 | _avLex Libros (Servicio en línea) | ||
| 856 |
_aAcceso restringido _uhttp://www.vlex.com/source/6894 |
||
| 942 | _cRAA | ||
| 999 |
_c161941 _d161941 |
||